El futuro de la arquitectura
Guardat en:
| Autor principal: | |
|---|---|
| Format: | Llibre |
| Idioma: | espanyol |
| Publicat: |
Buenos Aires
Poseidón
1958
|
| Edició: | 2a. ed |
| Matèries: | |
| Etiquetes: |
Afegir etiqueta
Sense etiquetes, Sigues el primer a etiquetar aquest registre!
|
MARC
| LEADER | 00000nam a2200000 a 4500 | ||
|---|---|---|---|
| 001 | UCY3928 | ||
| 003 | CL-VaPUC | ||
| 008 | 950123e19580000AG |||||||||||||||||spa|d | ||
| 082 | 0 | 4 | |a 724.6 |b WRI |2 21 |
| 100 | 0 | |a Wright, Frank Lloyd |e author |9 266860 | |
| 245 | 1 | 3 | |a El futuro de la arquitectura |
| 250 | |a 2a. ed | ||
| 300 | |a 256 p | ||
| 942 | |c BK | ||
| 945 | |d 19950123 00:00:00 |a aalvarez | ||
| 260 | |a Buenos Aires |b Poseidón |c 1958 | ||
| 650 | 0 | |a Arquitectura moderna |v Siglo 20 |9 265427 | |
| 650 | 0 | |a Arquitectura orgánica |9 332355 | |
| 583 | |a last modification |c 19950123 00:00:00 |k Rodrigo Vera | ||
| 999 | |c 231957 |d 231955 | ||
| 952 | |0 0 |1 0 |4 0 |6 724_600000000000000_WRI_1958 |7 0 |8 A |9 235816 |a BIBARQ |b BIBARQ |d 2019-11-15 |i 3054756 |o 724.6 WRI 1958 |p 3054756 |r 2025-01-20 |w 2019-11-15 |y BK |k ARQ | ||
| 952 | |0 0 |1 0 |4 0 |6 724_600000000000000_WRI_1958 |7 0 |8 A |9 235817 |a BIBARQ |b BIBARQ |d 2019-11-15 |i 3054764 |o 724.6 WRI 1958 |p 3054764 |r 2025-01-20 |w 2019-11-15 |y BK |k ARQ | ||